Torschützenliste der La Liga 2022-2023 - Statistiken

Allgemein
  • Dieses Quiz wurde 36 mal gespielt
  • Das Durchschnittsergebnis liegt bei 8 aus 12
Antwortstatistiken
Tore Nationalität Verein Spieler % Korrekt
19 Frankreich Real Madrid Karim Benzema
100%
23 Polen FC Barcelona Robert Lewandowski
100%
16 Frankreich Atlético Madrid Antoine Griezmann
97%
12 Spanien Celta Vigo Iago Aspas
84%
13 Spanien Atlético Madrid Álvaro Morata
77%
12 Norwegen Real Sociedad Alexander Sørloth
68%
14 Türkei FC Getafe Enes Ünal
65%
15 Spanien Betis Sevilla Borja Iglesias
61%
16 Kosovo RCD Mallorca Vedat Muriqi
42%
12 Senegal FC Villarreal Nicolas Jackson
32%
16 Spanien Espanyol Barcelona Joselu
29%
13 Argentinien FC Girona Valentín Castellanos
6%
Keine übereinstimmenden Quizze gefunden
Verteilung der Resultate
Anzahl Personen mit jedem Resultat
Perzentil nach korrekt beantworteten Fragen
Ihre Resultats-Entwicklung
Sie haben dieses Quiz noch nicht gespielt